[Event "Cup URS"]
[Site "Tbilisi (Georgia)"]
[Date "1976.??.??"]
[Round "7"]
[White "Yurtaev Leonid (KGZ)"]
[Black "Kasparov Garry (RUS)"]
[Result "0-1"]
[WhiteElo "2519"]
[BlackElo "2812"]
[Annotator ""]
[Source ""]
[Remark ""]

1.e4 c5 2.c3 Nf6 3.e5 Nd5 4.d4 cxd4 5.Bc4 Qc7 6.Qe2 Nb6 7.Bb3
Nc6 8.Nf3 d5 9.exd6 Qxd6 10.O-O d3 11.Qe3 Na5 12.Na3 a6 13.Ne5
Nxb3 14.axb3 Bf5 15.Nac4 Nxc4 16.Nxc4 Qe6 17.Qg3 Qg6 18.Bf4 Qxg3
19.hxg3 Rc8 20.Na5 b5 21.b4 f6 22.Nb3 e5 23.Be3 Rc6 24.f4 Be6
25.Nc5 Bxc5 26.bxc5 Bg4 27.fxe5 fxe5 28.Rf2 h6 29.Kf1 Ke7 30.Ke1
Rg6 31.Kd2 Bc8 32.Kxd3 Rxg3 33.Re1 Bb7 34.Kc2 Rxg2 35.Rxg2 Bxg2
36.Bd4 Kf7 37.Rxe5 Rf8 38.Kb3 a5 39.c4 Rd8 40.Bc3 b4 41.Rf5+
Kg6 42.Rf2 Bc6 43.Rd2 Rxd2 44.Bxd2 Kf5 45.Kc2 h5 46.Be1 Kg4 0-1

[Event "Ch World (juniors) (under 16)"]
[Site "Wattignies (France)"]
[Date "1976.??.??"]
[Round "?"]
[White "Chandler Murray G (ENG)"]
[Black "Kasparov Garry (RUS)"]
[Result "1-0"]
[WhiteElo "2537"]
[BlackElo "2812"]
[Annotator ""]
[Source ""]
[Remark ""]

1.e4 c5 2.c3 Nf6 3.e5 Nd5 4.d4 Nc6 5.Nf3 cxd4 6.cxd4 e6 7.a3
d6 8.Bd3 Qa5+ 9.Bd2 Qb6 10.Nc3 Nxc3 11.Bxc3 dxe5 12.dxe5 Be7
13.O-O Bd7 14.Nd2 Qc7 15.Qg4 O-O-O 16.Rfc1 Kb8 17.Qc4 Rc8 18.b4
f6 19.Nf3 Qb6 20.Qe4 f5 21.Qe1 a6 22.Rab1 g5 23.Nd2 Nd4 24.Qe3
Rxc3 25.Rxc3 f4 26.Qe1 g4 27.Ne4 Bc6 28.Nc5 Ka7 29.a4 Bf3 30.a5
Qd8 31.Bc4 Bxc5 32.bxc5 Qh4 33.gxf3 gxf3 34.Kh1 Rg8 35.Qe4 Rg7
36.Qxd4 Qg5 37.c6+ Kb8 38.c7+ Rxc7 39.Rg1 Qh5 40.Rg8+ Rc8 41.Qd6+
Ka7 1-0

[Event ""]
[Site "Forli (Italy)"]
[Date "1988.??.??"]
[Round "?"]
[White "Strikovic Aleksa (SCG)"]
[Black "Topalov Veselin (BUL)"]
[Result "0-1"]
[WhiteElo "2460"]
[BlackElo "2801"]
[Annotator ""]
[Source ""]
[Remark ""]

1.e4 c5 2.c3 Nf6 3.e5 Nd5 4.d4 cxd4 5.Nf3 b6 6.Nxd4 e6 7.c4 Nc7
8.Qf3 Bc5 9.Be3 O-O 10.Bd3 d5 11.exd6 Qxd6 12.Nb5 Nxb5 13.Bxc5
Qxc5 14.Qxa8 Nc6 15.Be4 Nbd4 16.Bxc6 Nxc6 17.O-O Ba6 18.b4 Qxc4
19.Na3 Rxa8 20.Nxc4 Bxc4 21.Rfc1 Bd5 22.a3 Kf8 23.f3 Ke8 24.Kf2
Kd7 25.Ke3 a5 26.b5 Ne7 27.Rc2 Rc8 28.Rac1 Rxc2 29.Rxc2 Nf5+
30.Kd3 Nd6 31.a4 Nb7 0-1

[Event "It (open)"]
[Site "Nuernberg (Germany)"]
[Date "1989.??.??"]
[Round "?"]
[White "Seyb Dieter (GER)"]
[Black "Leko Peter (HUN)"]
[Result "1/2-1/2"]
[WhiteElo "2295"]
[BlackElo "2740"]
[Annotator ""]
[Source ""]
[Remark ""]

1.e4 c5 2.c3 d6 3.d4 Nf6 4.dxc5 Nc6 5.f3 d5 6.exd5 Qxd5 7.Qxd5
Nxd5 8.Bc4 e6 9.Bxd5 exd5 10.Be3 Ne5 11.Nd2 Nd3+ 12.Kf1 Nxb2
13.Ne2 Bf5 14.Nf4 Nc4 15.Nxc4 dxc4 16.g4 Bd7 17.Kg2 Be7 18.Nd5
Bd8 19.Bf4 O-O 20.Rhe1 Re8 21.Rxe8+ Bxe8 22.Nc7 Bxc7 23.Bxc7
Bc6 24.Re1 Re8 25.Rxe8+ Bxe8 26.Kf2 Bc6 27.Ke3 Kf8 28.f4 Ke7
29.f5 f6 30.h4 Kf7 31.Kf4 h6 1/2-1/2

[Event "It \"Balkaniada\" (juniors)"]
[Site "Kavala (Greece)"]
[Date "1990.??.??"]
[Round "4"]
[White "Markovic Ivan (SCG)"]
[Black "Topalov Veselin (BUL)"]
[Result "1/2-1/2"]
[WhiteElo "2471"]
[BlackElo "2801"]
[Annotator ""]
[Source ""]
[Remark "X"]

1.e4 c5 2.c3 e6 3.d4 d5 4.exd5 exd5 5.Be3 c4 6.b3 cxb3 7.axb3
Bd6 8.Bd3 Nf6 9.h3 O-O 10.Qf3 Nc6 11.Ne2 h6 12.Nd2 Re8 13.O-O
Nh7 14.Bf4 Ng5 15.Qg3 Be7 16.Nf3 Bf6 17.Nxg5 Bxg5 18.Bxg5 1/2-1/2

[Event "Ch Russia"]
[Site "Orel (Russia)"]
[Date "1992.??.??"]
[Round "33"]
[White "Yagupov Igor (RUS)"]
[Black "Morozevich Alexander (RUS)"]
[Result "0-1"]
[WhiteElo "2400"]
[BlackElo "2721"]
[Annotator ""]
[Source ""]
[Remark ""]

1.e4 c5 2.c3 d5 3.exd5 Qxd5 4.d4 g6 5.Nf3 Bg7 6.Be3 cxd4 7.cxd4
Nf6 8.Nc3 Qd8 9.d5 O-O 10.Bc4 Na6 11.O-O Nc7 12.Qb3 Nce8 13.h3
Nd6 14.Be2 Bd7 15.a4 Qa5 16.Ne5 Bf5 17.Nb5 Nfe4 18.Nf3 Rfc8 19.Rfc1
Rxc1+ 20.Rxc1 Bd7 21.Qa3 Bxb5 22.axb5 Qxa3 23.bxa3 Nc3 24.Bf1
Nxd5 25.Bd4 Bxd4 26.Nxd4 Rc8 27.Rxc8+ Nxc8 28.a4 e6 29.a5 Kf8
30.g4 Ke7 31.a6 bxa6 32.bxa6 Kd6 33.g5 Nc7 34.Kh2 Kd5 35.Nc2
Nd6 36.h4 Kc5 37.Ne3 Kb6 38.h5 Nxa6 39.h6 Nc5 40.Bc4 Nce4 41.f4
Nxc4 42.Nxc4+ Kb5 43.Ne5 a5 44.Nxf7 a4 45.Ne5 a3 46.Nf3 a2 47.Nd4+
Kc4 0-1

[Event "It (open)"]
[Site "Pinneberg (Germany)"]
[Date "1993.??.??"]
[Round "?"]
[White "Hitzker H"]
[Black "Lehmann N"]
[Result "1-0"]
[WhiteElo "2670"]
[BlackElo "2755"]
[Annotator ""]
[Source ""]
[Remark ""]

1.e4 c5 2.c3 Nc6 3.Nf3 g6 4.d4 cxd4 5.cxd4 Bg7 6.Bc4 d6 7.Ng5
e6 8.d5 Na5 9.dxe6 Nxc4 10.Qa4+ Kf8 11.Qxc4 Bxe6 12.Nxe6+ fxe6
13.Qxe6 Qa5+ 14.Bd2 Qb6 15.Bc3 Bxc3+ 16.Nxc3 Re8 17.Qb3 Qxb3
18.axb3 a6 19.O-O Nf6 20.f3 Kf7 21.b4 Ke6 22.b5 Ra8 23.bxa6 bxa6
24.Ra5 Rhb8 25.Rb1 Rb4 26.Na2 Rb3 27.Nc3 Rab8 28.Nd1 Nd7 29.Rxa6
Nc5 30.Rc6 Nd3 31.Rc2 R8b7 32.h3 Ke5 33.Nf2 Nxb2 34.Rcxb2 Rxb2
35.Nd3+ 1-0

[Event "Ch Europe (juniors) (under 12)"]
[Site "Baile Herculane (Romania)"]
[Date "1994.??.??"]
[Round "?"]
[White "Szabo Gergely (ROM)"]
[Black "Aronian Levon (GER)"]
[Result "0-1"]
[WhiteElo "2250"]
[BlackElo "2752"]
[Annotator ""]
[Source ""]
[Remark "VIII"]

1.e4 c5 2.c3 d6 3.d4 Nf6 4.Bd3 Nc6 5.Nf3 cxd4 6.cxd4 Bg4 7.Be3
d5 8.e5 Nd7 9.O-O e6 10.h3 Bh5 11.Nc3 Be7 12.Rc1 O-O 13.g4 Bg6
14.Bxg6 fxg6 15.Nh2 g5 16.Qd2 Rf7 17.f4 gxf4 18.Bxf4 Nxd4 19.Nxd5
Bc5 20.Be3 Rxf1+ 21.Rxf1 Nxe5 22.b4 Qxd5 23.bxc5 Nef3+ 24.Nxf3
Nxf3+ 25.Rxf3 Qxf3 26.Kh2 Rf8 27.a4 a5 28.Qe1 Qe4 29.Qc3 Rf3 0-1

[Event "Ch World (juniors) (under 12)"]
[Site "Szeged (Hungary)"]
[Date "1994.??.??"]
[Round "?"]
[White "Bacrot Etienne (FRA)"]
[Black "Aronian Levon (GER)"]
[Result "0-1"]
[WhiteElo "2300"]
[BlackElo "2752"]
[Annotator ""]
[Source ""]
[Remark "VIII"]

1.e4 c5 2.c3 d6 3.d4 Nf6 4.Bd3 Nc6 5.Nf3 Bg4 6.d5 Bxf3 7.gxf3
Ne5 8.Be2 Ned7 9.c4 g6 10.Nc3 Bg7 11.Be3 O-O 12.Qd2 Re8 13.f4
a6 14.O-O Qa5 15.a4 e6 16.dxe6 Rxe6 17.f5 gxf5 18.exf5 Re5 19.Qxd6
Rxf5 20.Kh1 Ne5 21.Nd5 Ng6 22.Qxc5 Qxc5 23.Bxc5 Nxd5 24.cxd5
Rxd5 25.Ba3 Ne5 26.Rad1 Rad8 27.Rxd5 Rxd5 28.b3 Rd2 29.Rd1 Rxd1+
30.Bxd1 Bf8 31.Bc1 Bc5 32.Be3 Bxe3 33.fxe3 Kg7 34.b4 Nd3 35.Bf3
b6 36.b5 a5 37.Bd5 Nc5 38.Kg2 Nxa4 39.Kf2 Nc3 40.Bc4 a4 0-1

[Event "Olympiad"]
[Site "Yerevan (Armenia)"]
[Date "1996.??.??"]
[Round "8"]
[White "Torre Eugenio (PHI)"]
[Black "Ivanchuk Vassily (UKR)"]
[Result "0-1"]
[WhiteElo "2535"]
[BlackElo "2730"]
[Annotator ""]
[Source ""]
[Remark "IX"]

1.e4 c5 2.c3 Nf6 3.e5 Nd5 4.Nf3 Nc6 5.Bc4 Nb6 6.Bb3 c4 7.Bc2
Qc7 8.Qe2 g5 9.Nxg5 Qxe5 10.d4 cxd3 11.Bxd3 Qxe2+ 12.Bxe2 Bg7
13.O-O O-O 14.Rd1 d5 15.Be3 Rd8 16.Bh5 Ne5 17.Bd4 Ng6 18.Na3
Bxd4 19.Rxd4 f6 20.Ne4 e5 21.Rd2 Nf4 22.Bd1 Kf7 23.Nc5 Ke7 24.g3
Ne6 25.Nxe6 Bxe6 26.Bb3 Nc4 27.Bxc4 dxc4 28.Rad1 Rd3 29.Rxd3
cxd3 30.Rxd3 Bxa2 31.Nc2 Ke6 32.Rd2 Bd5 33.Kf1 h5 34.h4 Rg8 35.Ke2
f5 36.Ne3 Bc6 37.c4 f4 38.gxf4 exf4 39.Nc2 Kf5 40.Nd4+ Kg4 41.Nxc6
bxc6 42.Rd6 f3+ 43.Kd3 c5 44.Rd5 Rb8 45.Rxc5 Rxb2 46.Rc7 a5 47.Rg7+
Kxh4 48.Ke3 Rb3+ 49.Kf4 a4 50.Rg1 Kh3 51.c5 a3 52.Rc1 a2 53.Ra1
Ra3 54.c6 Kg2 55.c7 Rc3 56.Rxa2 h4 57.Ra8 Rxc7 0-1

[Event "Simultan"]
[Site "Buenos Aires (Argentina)"]
[Date "1997.??.??"]
[Round "1"]
[White "Zarnicki Pablo (ARG)"]
[Black "Kasparov Garry (RUS)"]
[Result "1/2-1/2"]
[WhiteElo "2550"]
[BlackElo "2820"]
[Annotator ""]
[Source ""]
[Remark "IX"]

1.e4 c5 2.c3 d5 3.exd5 Qxd5 4.d4 Nf6 5.Nf3 Bg4 6.Be2 e6 7.h3
Bh5 8.O-O Nc6 9.Be3 cxd4 10.Nxd4 Bxe2 11.Qxe2 Nxd4 12.Bxd4 Be7
13.Rd1 Qc6 14.c4 O-O 15.Nc3 a6 16.b3 Rfd8 17.a4 Rd7 18.Rd3 Rad8
19.Rad1 h6 20.Kf1 1/2-1/2

[Event "Simultan"]
[Site "Catonsville (USA)"]
[Date "1997.??.??"]
[Round "?"]
[White "Shahade Gregory (USA)"]
[Black "Kasparov Garry (RUS)"]
[Result "0-1"]
[WhiteElo "2300"]
[BlackElo "2820"]
[Annotator ""]
[Source ""]
[Remark "V"]

1.e4 c5 2.c3 d5 3.exd5 Qxd5 4.d4 Nc6 5.Nf3 Bg4 6.Be2 Nf6 7.O-O
e6 8.h3 Bh5 9.Be3 cxd4 10.Nxd4 Bxe2 11.Qxe2 Nxd4 12.Bxd4 Be7
13.Nd2 O-O 14.Rfd1 Qc6 15.Nf3 Rfd8 16.c4 Qe4 17.Kf1 Qxe2+ 18.Kxe2
Ne8 19.Rd2 f6 20.Rad1 Kf7 21.Be3 Rxd2+ 22.Rxd2 e5 23.Ne1 Nd6
24.Nd3 b6 25.Rc2 Nf5 26.g4 Nxe3 27.Kxe3 h5 28.f4 Bc5+ 29.Kf3
hxg4+ 30.hxg4 exf4 31.Nxf4 Re8 32.Nd5 Bd6 33.Rd2 Be5 34.b3 Rh8
35.Nc7 Ke7 36.Nb5 Rh3+ 37.Ke4 Ke6 38.Nxa7 Rg3 39.Nc6 Rxg4+ 40.Kf3
Rg3+ 41.Kf2 Rh3 42.Nxe5 Kxe5 43.Rd5+ Ke4 44.Kg2 Rc3 45.Rb5 Rc2+
46.Kh3 Rxa2 47.Rxb6 f5 48.Rd6 g5 49.b4 Ra4 50.Rb6 Kf3 51.c5 Ra7
52.Kh2 g4 0-1